书目信息 |
| 题名: |
笔记本电脑·数码应用24小时轻松掌握
|
|
| 作者: | 贾富 编著 | |
| 分册: | ||
| 出版信息: | 北京 中国铁道出版社 2007.12 |
|
| 页数: | 321页 | |
| 开本: | 26cm | |
| 丛书名: | 24小时轻松掌握系列丛书 | |
| 单 册: | ||
| 中图分类: | TP368.32 | |
| 科图分类: | ||
| 主题词: | 微型计算机 | |
| 电子资源: | ||
| ISBN: | 978-7-113-08393-9 | |
| 000 | 00707nam0 2200217 450 | |
| 001 | 0955456897 | |
| 005 | 20091217152611.41 | |
| 010 | @a978-7-113-08393-9@dCNY32.00 | |
| 100 | @a20091217d2007 km y0chiy0120 ea | |
| 101 | 0 | @achi |
| 102 | @aCN@b110000 | |
| 200 | 1 | @a笔记本电脑·数码应用24小时轻松掌握@Abi ji ben dian nao·shu ma ying yong 24 xiao shi qing song zhang wo@f贾富编著@Fjia fu bian zhu |
| 210 | @a北京@c中国铁道出版社@d2007.12 | |
| 215 | @a321页@d26cm | |
| 225 | 2 | @a24小时轻松掌握系列丛书 |
| 410 | 0 | @12001 @a24小时轻松掌握系列丛书 |
| 606 | 0 | @a微型计算机 |
| 690 | @aTP368.32@v4 | |
| 701 | 0 | @a贾富@Ajia fu@4编著 |
| 801 | 0 | @aCN@b山东省滨州职业学院图书馆@c20091217 |
| 905 | @aBZT@dTP368.32@e1 | |
| 笔记本电脑·数码应用24小时轻松掌握/贾富编著.-北京:中国铁道出版社,2007.12 |
| 321页;26cm.-(24小时轻松掌握系列丛书) |
| ISBN 978-7-113-08393-9:CNY32.00 |
| ● |
| 相关链接 |
|
|
|
正题名:笔记本电脑·数码应用24小时轻松掌握
索取号:TP368.32/1
 
预约/预借
| 序号 | 登录号 | 条形码 | 馆藏地/架位号 | 状态 | 备注 |
| 1 | 728618 | 2000728618 | 样本书库/样003架A面3层1列/ [索取号:TP368.32/1] | 在馆 | |
| 2 | 728619 | 2000728619 | 中心书库中库/ 中库027架A面5列5层9/ [索取号:TP368.32/1] | 在馆 | |
| 3 | 728620 | 2000728620 | 中心书库中库/ 中库027架A面5列5层8/ [索取号:TP368.32/1] | 在馆 | |
| 4 | 728621 | 2000728621 | 中心书库中库/ 中库027架A面5列5层6/ [索取号:TP368.32/1] | 在馆 | |
| 5 | 728622 | 2000728622 | 中心书库中库/ 中库027架A面5列5层7/ [索取号:TP368.32/1] | 在馆 |